| 000 | 00634pam a2200241 i 4500 | ||
|---|---|---|---|
| 999 |
_c7539 _d7539 |
||
| 003 | BD - JhCC | ||
| 005 | 20180211123426.0 | ||
| 008 | 741111s1975 nyu 000 1 eng | ||
| 020 | _a0394495136 | ||
| 035 | _aBD - JhCC | ||
| 035 | _a(OCoLC)01104098 | ||
| 035 | _aGLIS00012590 | ||
| 040 |
_aDLC _cDLC _dMYG _dBD - JhCC |
||
| 041 | _aeng | ||
| 090 |
_aPS3553.A537 _bL5 |
||
| 099 | _aPS3553.A537.L5 | ||
| 245 | 1 | 0 |
_aLiving / _cFred V. Hein, Dana L. farnsworth |
| 250 | _a1st ed. | ||
| 260 |
_aNew York : _bKnopf, _c1975. |
||
| 300 |
_a227 p. ; _c22 cm. |
||
| 942 |
_2ddc _cBK |
||